Loading...
| Literature - British Literature | 1 | 2 | 0 | 0 | 35 | 55 | 85.00 | 3 | 3 |
| Beliefs | 3 | 0 | 2 | 0 | 35 | 24 | 41.33 | 3 | 3 |
| History - American History | 1 | 2 | 0 | 1 | 35 | 47 | 82.33 | 3 | 3 |
| Social Science | 1 | 1 | 0 | 0 | 25 | 44 | 60.00 | 2 | 2 |
| Philosophy | 1 | 1 | 0 | 0 | 25 | 56 | 75.50 | 2 | 2 |
| Literature - European Literature | 1 | 1 | 0 | 0 | 25 | 24 | 66.50 | 2 | 2 |
| 0 | 3 | 2 | 0 | 20 | 72 | 114.00 | 3 | 3 | |
| History - World History | 1 | 1 | 1 | 1 | 20 | 56 | 58.50 | 2 | 2 |
| Literature - American Literature | 0 | 2 | 0 | 0 | 20 | 116 | 125.00 | 2 | 2 |
| Other Arts: Visual | 0 | 2 | 0 | 2 | 20 | 115 | 128.50 | 2 | 2 |
| Science - Physics | 0 | 2 | 0 | 0 | 20 | 72 | 72.50 | 2 | 2 |
| History - European History | 0 | 2 | 1 | 0 | 15 | 59 | 73.00 | 2 | 2 |
| Fine Arts - Visual Fine Arts | 0 | 2 | 1 | 0 | 15 | 96 | 103.00 | 2 | 2 |
| Religion | 0 | 1 | 0 | 1 | 10 | 151 | 151.00 | 1 | 1 |
| Other Science: Math | 0 | 1 | 0 | 1 | 10 | 149 | 149.00 | 1 | 1 |
| Current Events | 0 | 1 | 0 | 1 | 10 | 118 | 118.00 | 1 | 1 |
| Other Science: Earth Science | 0 | 1 | 0 | 0 | 10 | 119 | 119.00 | 1 | 1 |
| Fine Arts - Auditory Fine Arts | 1 | 0 | 1 | 0 | 10 | 79 | 79.00 | 1 | 1 |
| Science - Chemistry | 0 | 1 | 0 | 1 | 10 | 122 | 122.00 | 1 | 1 |
| Science - Biology | 0 | 0 | 0 | 0 | 0 | 0.00 | 0 | 0 | |
| Geography | 0 | 0 | 1 | 0 | -5 | 0.00 | 0 | 0 | |
| Other Academic | 0 | 0 | 1 | 0 | -5 | 0.00 | 0 | 0 |